Central Library OPAC University of Rajshahi

The poems of Tennyson / (Record no. 18610)

MARC details
000 -LEADER
fixed length control field 00827cam a2200277 4500
001 - CONTROL NUMBER
control field 18610
003 - CONTROL NUMBER IDENTIFIER
rucl marc code BD-RjUL
005 - DATE AND TIME OF LATEST TRANSACTION
control field 20211209000317.0
008 - FIXED-LENGTH DATA ELEMENTS--GENERAL INFORMATION
fixed length control field 140220s1969 enkcfh 001 0 eng
020 ## - INTERNATIONAL STANDARD BOOK NUMBER
International Standard Book Number 0582484421
035 ## - SYSTEM CONTROL NUMBER
System control number (BD-RjUL)18668
040 ## - CATALOGING SOURCE
Original cataloging agency DLC
Transcribing agency DLC
Modifying agency DLC
-- BD-RjUL
Language of cataloging eng
041 ## - LANGUAGE CODE
Language code of text/sound track or separate title eng
082 00 - DEWEY DECIMAL CLASSIFICATION NUMBER
Classification number 823.9
Author mark and year TEP 1969
100 1# - MAIN ENTRY--PERSONAL NAME
Personal name Tennyson, Alfred Tennyson.
Dates associated with a name 1809-1892.
9 (RLIN) 57323
245 14 - TITLE STATEMENT
Title The poems of Tennyson /
Statement of responsibility, etc. edited by Christopher Ricks.
260 ## - PUBLICATION, DISTRIBUTION, ETC. (IMPRINT)
Place of publication, distribution, etc. Harlow :
Name of publisher, distributor, etc. Longmans,
Date of publication, distribution, etc. c1969.
300 ## - PHYSICAL DESCRIPTION
Pagination xxxiv, 1835 p. :
Illustrations 3 plates, facsim., 2 ports. ;
Size 22 cm.
490 0# - SERIES STATEMENT
Series statement Longmans' annotated English poets
504 ## - BIBLIOGRAPHY, ETC. NOTE
Bibliography, etc Includes Index.
650 ## - SUBJECT ADDED ENTRY--TOPICAL TERM
Topical term or geographic name as entry element Fictions.
9 (RLIN) 3591
700 1# - ADDED ENTRY--PERSONAL NAME
Personal name Ricks, Christopher,
Dates associated with a name 1933-
Relator term ed.
942 ## - ADDED ENTRY ELEMENTS (KOHA)
Source of classification or shelving scheme Dewey Decimal Classification
Koha item type Books
Holdings
Lost status Source of classification or shelving scheme Damaged status Not for loan Collection code Permanent Location Current Location Shelving location Date acquired Source of acquisition Cost, normal purchase price Total Checkouts Full call number Date last seen Copy number Koha item type
  Dewey Decimal Classification     Fiction Central Library, University of Rajshahi Central Library, University of Rajshahi   06/03/1970 Zeitlinger 84.00   823.9 TEP 1969 20/02/2014 C-3 Books
  Dewey Decimal Classification     Non-fiction Central Library, University of Rajshahi Central Library, University of Rajshahi   22/11/1969 Swets & Zeithinger 0.84   823.9 TEP 1969 21/11/2016 C-2 Books
  Dewey Decimal Classification     Non-fiction Central Library, University of Rajshahi Central Library, University of Rajshahi   18/03/2020       823.9 TEP 1969 18/03/2020 C-3 Books